000 01083nam a2200217Ia 4500
999 _c38135
_d38135
001 4125
003 GE_BSU
005 20190919153153.0
008 181216s||||||||xx |||||||||||||| ||und||
040 _cGE_BSU
041 _ageo
080 _a39(479.22)+728(479.22) ჩ-68
100 _aჩიქოვანი, თეიმურაზ
_94131
245 _aქართული ხალხური საცხოვრებელი :
_bწალკური სახლი /
_cრედ. : რობაქიძე, ალ.
264 _aთბილისი :
_bსაქ. სსრ. მეცნ. აკად. გამ–ბა,
_c1960.
300 _a138 გვ. ;
_b21 სმ.
653 _a ქართული ხალხური საცხოვრებელი სახლები
700 _aრობაქიძე, ალ.
_eრედაქტორი
_94132
710 _aსაქ. სსრ მეცნ. აკად., ს. ჯანაშიას სახ. საქ. სახელმწ. მუზეუმი.
_94133
942 _cBK
_2udc